000 00277nam a2200109Ia 4500
008 220216s9999 xx 000 0 und d
245 0 _aCrumb rubber industry facing a threat
260 _bRubber Asia
_c1994
300 _a123-124
650 _aCrumb rubber industry
942 _cJS
999 _c56582
_d56582